书目信息 |
| 题名: |
民族唱法与美声唱法的演绎与融合
|
|
| 作者: | 王志丽 , 刘斌 著 | |
| 分册: | ||
| 出版信息: | 北京 中国纺织出版社 2018.09 |
|
| 页数: | 338页 | |
| 开本: | 24cm | |
| 丛书名: | ||
| 单 册: | ||
| 中图分类: | J616.22 , J616.21 | |
| 科图分类: | ||
| 主题词: | 民族声乐--歌唱法--研究 , 美声唱法--研究 | |
| 电子资源: | ||
| ISBN: | 978-7-5180-2766-8 | |
| 000 | 01092nam0 2200277 450 | |
| 001 | 0120182476601 | |
| 005 | 20181024090523.06 | |
| 010 | @a978-7-5180-2766-8@dCNY87.00 | |
| 100 | @a20180522d2018 em y0chiy50 ea | |
| 101 | 0 | @achi |
| 102 | @aCN@b110000 | |
| 105 | @agk z 000yy | |
| 106 | @ar | |
| 200 | 1 | @a民族唱法与美声唱法的演绎与融合@9min zu chang fa yu mei sheng chang fa de yan yi yu rong he@f王志丽,刘斌著 |
| 210 | @a北京@c中国纺织出版社@d2018.09 | |
| 215 | @a338页@d24cm | |
| 330 | @a本书以民族唱法与美声唱法的演绎为前提,采用比较分析法和史学研究方法,对建立在欧洲文化传统上的美声唱法与建立在中华民族传统文化上的民族唱法如何相融合的问题进行研究。具体内容包括:民族唱法的形态划分、民族唱法的艺术特色、美声唱法的历史简述、美声唱法的艺术特色、民族唱法与美声唱法的融合与新发展等。 | |
| 333 | @a民族剩余研究者 | |
| 606 | 0 | @a民族声乐@x歌唱法@x研究 |
| 606 | 0 | @a美声唱法@x研究 |
| 690 | @aJ616.22@v5 | |
| 690 | @aJ616.21@v5 | |
| 701 | 0 | @a王志丽@9wang zhi li@4著 |
| 701 | 0 | @a刘斌@9liu bin@4著 |
| 801 | 0 | @aCN@b人天书店@c20180522 |
| 905 | @b1096539-42@dJ616.22@e968@f4 | |
| 民族唱法与美声唱法的演绎与融合/王志丽,刘斌著.-北京:中国纺织出版社,2018.09 |
| 338页;24cm |
| 使用对象:民族剩余研究者 |
| ISBN 978-7-5180-2766-8:CNY87.00 |
| 本书以民族唱法与美声唱法的演绎为前提,采用比较分析法和史学研究方法,对建立在欧洲文化传统上的美声唱法与建立在中华民族传统文化上的民族唱法如何相融合的问题进行研究。具体内容包括:民族唱法的形态划分、民族唱法的艺术特色、美声唱法的历史简述、美声唱法的艺术特色、民族唱法与美声唱法的融合与新发展等。 |
| ● |
| 相关链接 |
|
|
|
|
正题名:民族唱法与美声唱法的演绎与融合
索取号:J616.22/968
 
预约/预借
| 序号 | 登录号 | 条形码 | 馆藏地/架位号 | 状态 | 备注 |
| 1 | 1096539 | 210965393 | 第一样本阅览室/ [索取号:J616.22/968] | 在馆 | |
| 2 | 1096540 | 210965400 | 教育系资料室/ [索取号:J616.22/968] | 在馆 | |
| 3 | 1096541 | 210965419 | 教育系资料室/ [索取号:J616.22/968] | 在馆 | |
| 4 | 1096542 | 210965428 | 第一借阅区/ [索取号:J616.22/968] | 在馆 |